| 000 | 01197nam\a2200325\a\4500 | ||
|---|---|---|---|
| 001 | 57763 | ||
| 005 | 20260415125150.0 | ||
| 008 | 260415s2024 nyua bi 001 0 eng | ||
| 020 | _a9781394276028 | ||
| 020 |
_a9781394276035 _q(EPub) |
||
| 040 |
_aDLC _cDLC _dBD-DhIUB |
||
| 082 | 0 | 4 |
_a657.044 _223 _bK548i |
| 100 | 1 | _aKieso, Donald E. | |
| 245 | 1 | 0 |
_aIntermediate accounting / _cDonald E. Kieso, Jerry J. Weygandt, Terry D. Warfield. |
| 250 |
_a5th ed. _bIFRS ed. |
||
| 260 |
_aNew York : _bJ. Wiley, _cc2024. |
||
| 300 |
_axxxi, _bcol. ill. ; _c29 cm. + _e1 CD-ROM (4 3/4 in.) |
||
| 500 | _aLC copy lacks CD-ROM. | ||
| 504 | _aIncludes bibliographical references and index. | ||
| 526 |
_aSBE _bfin _lREF |
||
| 541 | _aKarim | ||
| 650 | 0 | _aAccounting. | |
| 700 | 1 | _aWeygandt, Jerry J. | |
| 700 | 1 | _aWarfield, Terry D. | |
| 856 | 4 | 2 |
_3Publisher description _uhttp://www.loc.gov/catdir/description/wiley041/2004269283.html |
| 856 | 4 | 1 |
_3Table of contents _uhttp://www.loc.gov/catdir/toc/wiley041/2004269283.html |
| 942 |
_2ddc _cBK |
||
| 999 |
_c57763 _d57937 |
||